000 00615nam a2200193Ia 4500
005 20260120124602.0
008 008 260114s9999 xx 000 0 eng d
020 _a9780857243690
037 _aEBOOK
040 _aCRL
_beng
_cCRL
041 _aeng
_2eng
084 _qCRL
245 0 _aPositive Design and Appreciative Construction: From Sustainable Development to Sustainable Value
260 _bEmerald Publishing
_c2010
700 _aTojo Thatchenkery
_9908066
856 _uhttps://www.emerald.com/insight/publication/doi/10.1108/S1475-9152(2010)3
942 _cEBOOK
999 _c1499955
_d1499955